Presidents of Turkey - Statistics

General Stats
  • This quiz has been taken 50 times
  • The average score is 7 of 12
Answer Stats
Term Party President % Correct
2014– Justice and Development Party Recep Tayyip Erdoğan
100%
1923–1938 Republican People's Party Mustafa Kemal Atatürk
96%
2007–2014 Justice and Development Party Abdullah Gül
73%
1938–1950 Republican People's Party İsmet İnönü
69%
1989–1993 Motherland Party Turgut Özal
53%
1993–2000 True Path Party Süleyman Demirel
51%
1950–1960 Democrat Party Celâl Bayar
49%
1980–1989 Independent Kenan Evren
47%
2000–2007 Independent Ahmet Necdet Sezer
44%
1973–1980 Independent Fahri Korutürk
33%
1960–1966 Independent Cemal Gürsel
31%
1966–1973 Independent Cevdet Sunay
29%
No matching quizzes found
Score Distribution
Percent of People with Each Score
Percentile by Number Answered
Your Score History
You have not taken this quiz